[Event "Harrogate 4NCL op-B 21st"]
[Site "Harrogate"]
[Date "2019.01.19"]
[Round "2"]
[White "Bennett, Dominic"]
[Black "Dean, Robert A"]
[Result "1-0"]
[WhiteElo "1934"]
[BlackElo "1811"]
[PlyCount "75"]
[EventDate "2019.01.18"]
[EventType "swiss"]
[EventRounds "5"]
[EventCountry "ENG"]
[SourceTitle "CBM 188 Extra"]
[Source "ChessBase"]
[SourceDate "2019.02.26"]
[SourceVersion "1"]
[SourceVersionDate "2019.02.26"]
[SourceQuality "1"]

1. Nf3 Nf6 2. e3 d6 3. d4 g6 4. b3 Bg7 5. Bb2 0-0 6. Be2 c6 7. 0-0 Nbd7 8. a4 Ne4 9. Nfd2 Ndf6 10. Nc4 Nd5 11. f3 Nef6 12. a5 Bh6 13. Bc1 Nc7 14. Qe1 Nb5 15. Qh4 Bg7 16. c3 Be6 17. Bd2 Rc8 18. g4 Bxc4 19. Bxc4 Nc7 20. Ra2 d5 21. Bd3 Nfe8 22. f4 Nd6 23. f5 Ne4 24. Be1 e5 25. Bxe4 Bf6 26. Qg3 dxe4 27. dxe5 Qd5 28. exf6 Qxb3 29. Rd2 Qxb1 30. Rd7 Ne8 31. fxg6 hxg6 32. Qh4 Qb5 33. Re7 Qc5 34. g5 Qxe3+ 35. Bf2 Qf3 36. Rxe8 Rfxe8 37. Qh6 Qg4+ 38. Bg3 1-0

[Event "Telford 4NCL op"]
[Site "Telford"]
[Date "2018.11.03"]
[Round "6"]
[White "White, Stuart A"]
[Black "Bennett, Dominic"]
[Result "1/2-1/2"]
[WhiteElo "2113"]
[BlackElo "1933"]
[PlyCount "79"]
[EventDate "2018.10.31"]
[EventType "swiss"]
[EventRounds "9"]
[EventCountry "ENG"]
[SourceTitle "CBM 187 Extra"]
[Source "ChessBase"]
[SourceDate "2018.11.04"]
[SourceVersion "1"]
[SourceVersionDate "2018.11.04"]
[SourceQuality "1"]

1. d4 Nf6 2. c4 e6 3. Nc3 Bb4 4. e3 0-0 5. Nf3 c5 6. Bd3 d5 7. 0-0 cxd4 8. exd4 dxc4 9. Bxc4 b6 10. Bg5 Bb7 11. Qe2 Bxc3 12. bxc3 Nc6 13. Rfd1 Na5 14. Bd3 Re8 15. c4 Rc8 16. Rac1 Kf8 17. Bxh7 Bxf3 18. Qxf3 Rxc4 19. Rxc4 Nxc4 20. Be4 Kg8 21. Bc6 Rf8 22. Qe2 Nd6 23. d5 exd5 24. Bxd5 Re8 25. Qd3 Qe7 26. h4 Rd8 27. Bb3 Rd7 28. Rc1 Qe5 29. Bc2 Nde4 30. Bxf6 Nxf6 31. Qf3 g6 32. Bb3 Kg7 33. g3 Re7 34. Kg2 Qa5 35. Rc6 Qe5 36. Qc3 Qe4+ 37. Qf3 Qe5 38. Rc3 Qe1 39. Rc2 Qe5 40. Rc1 1/2-1/2

[Event "Telford 4NCL op"]
[Site "Telford"]
[Date "2018.11.01"]
[Round "3"]
[White "Bennett, Dominic"]
[Black "Wall, Tim"]
[Result "0-1"]
[WhiteElo "1933"]
[BlackElo "2253"]
[PlyCount "152"]
[EventDate "2018.10.31"]
[EventType "swiss"]
[EventRounds "9"]
[EventCountry "ENG"]
[SourceTitle "CBM 187 Extra"]
[Source "ChessBase"]
[SourceDate "2018.11.04"]
[SourceVersion "1"]
[SourceVersionDate "2018.11.04"]
[SourceQuality "1"]

1. c4 e5 2. e3 Nf6 3. Nc3 d6 4. Be2 Be7 5. Qc2 c6 6. d4 0-0 7. Nf3 Qc7 8. 0-0 Re8 9. b3 Bf8 10. Bb2 e4 11. Nd2 d5 12. Rfc1 Bd6 13. Nf1 dxc4 14. bxc4 Bf5 15. Qd1 Qd8 16. Qb3 Nbd7 17. Ba3 Bxa3 18. Qxa3 Nf8 19. Rab1 Re7 20. Rb2 h5 21. Rcb1 b6 22. Rd2 h4 23. Qa4 Rc8 24. Qd1 h3 25. Ng3 Bd7 26. d5 cxd5 27. Nxd5 Nxd5 28. cxd5 hxg2 29. Bg4 Nh7 30. Rb4 Ng5 31. Kxg2 Rc1 32. Qe2 Re1 33. Qxe1 Bxg4 34. Qb1 Bf3+ 35. Kf1 Qc8 36. d6 Qh3+ 37. Ke1 Rd7 38. Rc4 Qxh2 39. Rc8+ Kh7 40. Qb5 Qg1+ 41. Qf1 Qh2 42. Rd5 Bg2 43. Rxg5 Bxf1 44. Rh5+ Qxh5 45. Nxh5 Bb5 46. Rc7 Rxd6 47. Rxa7 Bd7 48. Ng3 f5 49. Ne2 Kh6 50. Nd4 Kg6 51. a4 Kf6 52. Kd2 g5 53. Kc3 f4 54. Kb4 fxe3 55. fxe3 g4 56. Rc7 g3 57. Rc1 Ke5 58. Rg1 Rxd4+ 59. exd4+ Kf4 60. Rf1+ Ke3 61. Rf7 g2 62. Rg7 Kf2 63. Rf7+ Ke2 64. Rg7 Kf3 65. Rf7+ Kg3 66. Rxd7 g1Q 67. Rg7+ Kf2 68. Rxg1 Kxg1 69. Kb5 e3 70. Kxb6 e2 71. a5 e1Q 72. a6 Qe4 73. Ka7 Qc6 74. d5 Qc7+ 75. Ka8 Qb6 76. a7 Qc7 0-1

[Event "Telford 4NCL op"]
[Site "Telford"]
[Date "2018.11.01"]
[Round "2"]
[White "Hill, Alistair"]
[Black "Bennett, Dominic"]
[Result "1/2-1/2"]
[WhiteElo "2203"]
[BlackElo "1933"]
[PlyCount "104"]
[EventDate "2018.10.31"]
[EventType "swiss"]
[EventRounds "9"]
[EventCountry "ENG"]
[SourceTitle "CBM 187 Extra"]
[Source "ChessBase"]
[SourceDate "2018.11.04"]
[SourceVersion "1"]
[SourceVersionDate "2018.11.04"]
[SourceQuality "1"]

1. Nf3 d6 2. d4 c6 3. e4 Nf6 4. Bd3 g6 5. 0-0 Bg7 6. Re1 0-0 7. c3 Na6 8. h3 c5 9. d5 Rb8 10. c4 b5 11. cxb5 Nc7 12. Nc3 Nd7 13. a4 a6 14. Qe2 Re8 15. Bf4 Nf8 16. e5 axb5 17. axb5 Nd7 18. Ra7 Rb7 19. Rxb7 Bxb7 20. e6 fxe6 21. dxe6 Nf6 22. Ra1 Nfd5 23. Bd2 Rf8 24. Be4 Nxc3 25. bxc3 d5 26. Bc2 d4 27. cxd4 cxd4 28. Rd1 Qa8 29. Ne1 Nd5 30. Be4 Qa2 31. Bxd5 Qxd5 32. Bb4 Qg5 33. Qd2 Qf6 34. Qe2 Qg5 35. Rd2 Rf5 36. f3 Re5 37. Qf2 Rxb5 38. Rxd4 Bxd4 39. Qxd4 Qe5 40. Qd8+ Kg7 41. Qxe7+ Kh6 42. Bd2+ g5 43. Kh1 Rb1 44. Qf8+ Kh5 45. Qf7+ Kh6 46. Qf8+ Kh5 47. Qf7+ Kh6 48. e7 Bc6 49. Qf8+ Kh5 50. Qf7+ Kh6 51. Qf8+ Kh5 52. Qf7+ Kh6 1/2-1/2

[Event "Telford 4NCL op"]
[Site "Telford"]
[Date "2018.10.31"]
[Round "1"]
[White "Bennett, Dominic"]
[Black "Roberson, Peter T"]
[Result "0-1"]
[WhiteElo "1933"]
[BlackElo "2396"]
[PlyCount "86"]
[EventDate "2018.10.31"]
[EventType "swiss"]
[EventRounds "9"]
[EventCountry "ENG"]
[SourceTitle "CBM 187 Extra"]
[Source "ChessBase"]
[SourceDate "2018.11.04"]
[SourceVersion "1"]
[SourceVersionDate "2018.11.04"]
[SourceQuality "1"]

1. c4 Nf6 2. e3 e6 3. Nf3 d5 4. Be2 c5 5. cxd5 exd5 6. d4 Nc6 7. 0-0 Bd6 8. b3 cxd4 9. Nxd4 Qe7 10. Bb2 0-0 11. Nxc6 bxc6 12. Qd4 a5 13. Rc1 c5 14. Qh4 Be5 15. Bxe5 Qxe5 16. Nc3 d4 17. Bf3 Rb8 18. exd4 cxd4 19. Re1 Qc5 20. Na4 Qb4 21. Red1 Rd8 22. Be4 Be6 23. Bd3 Rbc8 24. h3 h6 25. g4 Nd5 26. g5 Qe7 27. f4 Ne3 28. Re1 f5 29. Rac1 Qb7 30. Qg3 hxg5 31. Nc5 gxf4 32. Qg5 Qd5 33. Nxe6 Qxe6 34. Bc4 Rxc4 35. Qxd8+ Kf7 36. Kh2 Qc6 37. Rxe3 Rc2+ 38. Rxc2 Qxc2+ 39. Kh1 Qc1+ 40. Kh2 Qxe3 41. Qd7+ Kg6 42. Qc6+ Kh7 43. Qd7 Qg3+ 0-1

[Event "Nottingham 4NCL Major op"]
[Site "Nottingham"]
[Date "2018.09.28"]
[Round "1"]
[White "Bennett, Dominic"]
[Black "Graham, Neil"]
[Result "1/2-1/2"]
[WhiteElo "1933"]
[BlackElo "1779"]
[PlyCount "34"]
[EventDate "2018.09.28"]
[EventType "swiss"]
[EventRounds "5"]
[EventCountry "ENG"]
[SourceTitle "CBM 187 Extra"]
[Source "ChessBase"]
[SourceDate "2018.11.04"]
[SourceVersion "1"]
[SourceVersionDate "2018.11.04"]
[SourceQuality "1"]

1. Nf3 d5 2. d4 Bf5 3. Bf4 e6 4. e3 Bd6 5. Bd3 Bxf4 6. exf4 Bxd3 7. Qxd3 Qd6 8. 0-0 Nf6 9. Ne5 0-0 10. Nd2 b6 11. a4 Nfd7 12. Rfe1 c5 13. a5 c4 14. Qf3 Nc6 15. Ndxc4 Ndxe5 16. dxe5 Qb4 17. Ne3 Nxa5 1/2-1/2

[Event "Telford 4NCL op-B 19th"]
[Site "Telford"]
[Date "2018.07.14"]
[Round "3"]
[White "Hughes, Peter2222"]
[Black "Bennett, Dominic"]
[Result "1/2-1/2"]
[WhiteElo "1766"]
[BlackElo "1926"]
[PlyCount "61"]
[EventDate "2018.07.13"]
[EventType "swiss"]
[EventRounds "5"]
[EventCountry "ENG"]
[SourceTitle "EXT 2019"]
[Source "ChessBase"]
[SourceDate "2018.10.10"]
[SourceVersion "1"]
[SourceVersionDate "2018.10.10"]
[SourceQuality "1"]

1. d4 e6 2. c4 d5 3. Nc3 Bb4 4. a3 Bxc3+ 5. bxc3 Nd7 6. Nf3 Ngf6 7. e3 0-0 8. Bd3 b6 9. 0-0 Bb7 10. cxd5 exd5 11. Qc2 c5 12. a4 Qc7 13. Ba3 Rfe8 14. Rfc1 c4 15. Bf5 h6 16. Re1 Bc6 17. Reb1 Kh8 18. Bc1 Rg8 19. Qe2 Rae8 20. Bd2 Re7 21. Bc2 Rc8 22. Nh4 Ne4 23. Be1 Nf8 24. f3 Nd6 25. Bg3 g6 26. Be5+ Kh7 27. Qf2 Nd7 28. Bg3 Nf8 29. Be5 Nd7 30. Bg3 Nf8 31. Be5 1/2-1/2

[Event "Frodsham op"]
[Site "Frodsham"]
[Date "2018.02.04"]
[Round "5"]
[White "Bennett, Dominic"]
[Black "McDonagh, Michael"]
[Result "1-0"]
[WhiteElo "1987"]
[BlackElo "1911"]
[PlyCount "103"]
[EventDate "2018.02.02"]
[EventType "swiss"]
[EventRounds "5"]
[EventCountry "ENG"]
[SourceTitle "CBM 182 Extra"]
[Source "ChessBase"]
[SourceDate "2018.02.23"]
[SourceVersion "1"]
[SourceVersionDate "2018.02.23"]
[SourceQuality "1"]

1. d4 d5 2. Nf3 Nf6 3. c4 e6 4. g3 Be7 5. Bg2 0-0 6. 0-0 dxc4 7. Ne5 Nc6 8. Nxc6 bxc6 9. Na3 Rb8 10. Nxc4 c5 11. Na5 Bd7 12. Nb7 Qe8 13. Nxc5 Bc6 14. Nb3 Bxg2 15. Kxg2 c5 16. Qd3 Qc6+ 17. Qf3 Rfc8 18. Bf4 Qxf3+ 19. Kxf3 Rb6 20. dxc5 Bxc5 21. Rac1 Rbc6 22. Rfd1 h5 23. a3 Be7 24. Rxc6 Rxc6 25. Rc1 Rb6 26. Rc8+ Kh7 27. Rb8 Nd5 28. Rxb6 Nxb6 29. Na5 Bf6 30. b3 Nd5 31. Bd2 Bd4 32. Nc6 Bb6 33. e4 Nf6 34. Be3 Ng4 35. Bxb6 axb6 36. h3 Nf6 37. a4 Nd7 38. b4 Kg8 39. Ke3 e5 40. Kd3 f6 41. Kc4 Kf7 42. Kb5 Ke6 43. a5 bxa5 44. bxa5 Kd6 45. a6 Kc7 46. Nb4 Kc8 47. Nd5 Kb8 48. Kc6 Nf8 49. Kd6 h4 50. Ke7 Nh7 51. gxh4 Ka7 52. Kf7 1-0

[Event "Coventry 4NCL op-B 16th"]
[Site "Coventry"]
[Date "2017.11.04"]
[Round "3"]
[White "Somton, Anita"]
[Black "Bennett, Dominic"]
[Result "0-1"]
[WhiteElo "1796"]
[BlackElo "1953"]
[PlyCount "80"]
[EventDate "2017.11.03"]
[EventType "swiss"]
[EventRounds "5"]
[EventCountry "ENG"]
[SourceTitle "CBM 181 Extra"]
[Source "ChessBase"]
[SourceDate "2017.12.12"]
[SourceVersion "1"]
[SourceVersionDate "2017.12.12"]
[SourceQuality "1"]

1. e4 c5 2. Nc3 d6 3. f4 e6 4. Nf3 a6 5. d4 cxd4 6. Qxd4 Nf6 7. Be3 Be7 8. 0-0-0 Qc7 9. h3 b5 10. e5 dxe5 11. Nxe5 0-0 12. Be2 Bb7 13. Bf3 Bxf3 14. gxf3 Rc8 15. Rh2 Nc6 16. Nxc6 Qxc6 17. Ne4 Nxe4 18. Qxe4 Qc4 19. Kb1 Bf6 20. Rhd2 g6 21. Bd4 Bxd4 22. Rxd4 Qc5 23. Rd7 Qf5 24. Qxf5 exf5 25. b3 Re8 26. Kb2 h5 27. R1d6 Kg7 28. Rc6 Re2 29. Rcc7 Rf8 30. Rd6 Rh2 31. Rxa6 Rxh3 32. Rc3 h4 33. Rd6 Rg3 34. Rd1 h3 35. Re3 Rh8 36. Rh1 Rc8 37. a4 b4 38. a5 Rg2 39. a6 h2 40. Ree1 Rcxc2+ 0-1

[Event "Wakefield 4NCL op-B 14th"]
[Site "Wokefield"]
[Date "2017.07.16"]
[Round "5"]
[White "Crockart, George N"]
[Black "Bennett, Dominic"]
[Result "1/2-1/2"]
[WhiteElo "1928"]
[BlackElo "1941"]
[PlyCount "61"]
[EventDate "2017.07.14"]
[EventType "swiss"]
[EventRounds "5"]
[EventCountry "ENG"]
[SourceTitle "EXT 2018"]
[Source "ChessBase"]
[SourceDate "2017.10.13"]
[SourceVersion "1"]
[SourceVersionDate "2017.10.13"]
[SourceQuality "1"]

1. f4 c5 2. Nf3 g6 3. e4 Bg7 4. c3 Nh6 5. d3 d5 6. Be2 0-0 7. h3 e6 8. Be3 b6 9. 0-0 Bb7 10. Qc2 d4 11. Bf2 Kh8 12. c4 f5 13. e5 Rg8 14. Ng5 Bxe5 15. Bh4 Bf6 16. Nxe6 Qe7 17. Bxf6+ Qxf6 18. Ng5 Nc6 19. Bf3 Rge8 20. Qd2 Nf7 21. Nxf7+ Qxf7 22. Na3 Nb4 23. Bxb7 Qxb7 24. Nc2 Nxc2 25. Qxc2 Re3 26. Rae1 Qe7 27. Qd2 Re8 28. Rxe3 Qxe3+ 29. Rf2 Kg7 30. a3 h6 31. Qxe3 1/2-1/2

[Event "Milton Keynes 4NCL Major op 11th"]
[Site "Milton Keynes"]
[Date "2016.11.06"]
[Round "5.3"]
[White "Whitehead, Mark A"]
[Black "Bennett, Dominic"]
[Result "1-0"]
[WhiteElo "1930"]
[BlackElo "1967"]
[PlyCount "80"]
[EventDate "2016.11.04"]
[EventType "swiss"]
[EventRounds "5"]
[EventCountry "ENG"]
[SourceTitle "EXT 2023"]
[Source "ChessBase"]
[SourceDate "2022.10.05"]
[SourceVersion "1"]
[SourceVersionDate "2022.10.05"]
[SourceQuality "1"]

1. e4 c5 2. Nc3 Nc6 3. g3 g6 4. Bg2 Bg7 5. d3 d6 6. Nh3 Rb8 7. 0-0 b5 8. f4 Nd4 9. Nd5 b4 10. a3 a5 11. axb4 axb4 12. Ne3 Nf6 13. f5 0-0 14. g4 Rb6 15. Nf4 Ra6 16. Rb1 g5 17. Ne2 Qd7 18. Ng3 Bb7 19. c3 Nc6 20. Bd2 Rfa8 21. Nd5 bxc3 22. bxc3 h6 23. Nb6 Qd8 24. Nxa8 Qxa8 25. Qb3 Ra7 26. h3 Nd7 27. Ne2 Ba6 28. c4 Nd4 29. Nxd4 Bxd4+ 30. Kh1 Qf8 31. Bf3 Qg7 32. Kg2 e6 33. Be2 d5 34. fxe6 fxe6 35. cxd5 c4 36. dxc4 exd5 37. exd5 Bc5 38. Bc3 Qe7 39. Qb8+ Nxb8 40. Rxb8+ Bc8 1-0

[Event "London Classic rapid op 6th"]
[Site "London"]
[Date "2014.12.06"]
[Round "1"]
[White "Bennett, Dominic"]
[Black "Agdestein, Simen"]
[Result "0-1"]
[WhiteElo "1963"]
[BlackElo "2626"]
[PlyCount "67"]
[EventDate "2014.12.06"]
[EventType "swiss (rapid)"]
[EventRounds "10"]
[EventCountry "ENG"]
[SourceTitle "CBM 163 Extra"]
[Source "ChessBase"]
[SourceDate "2014.12.23"]
[SourceVersion "1"]
[SourceVersionDate "2014.12.23"]
[SourceQuality "1"]

1. Nf3 Nf6 2. d4 d5 3. c4 e6 4. Nc3 Bb4 5. e3 0-0 6. Bd3 b6 7. 0-0 Ba6 8. Ne5 c5 9. a3 Bxc3 10. bxc3 Qc7 11. Qe2 Nc6 12. cxd5 Bxd3 13. Nxd3 exd5 14. dxc5 bxc5 15. Nxc5 Na5 16. Na6 Qb7 17. Rd1 Nc4 18. Nb4 Rfd8 19. Bd2 a5 20. Nc2 Rab8 21. Nd4 a4 22. Be1 Qd7 23. Qf3 Re8 24. Qf5 Qd6 25. Qg5 h6 26. Qh4 Rb2 27. Rd3 Kh7 28. Nf5 Qe5 29. g4 Qe6 30. f3 Ne5 31. Nd4 Qb6 32. Rd2 Rxd2 33. g5 Rxd4 34. g6+ 0-1

[Event "Sunningdale e2e4 op 04"]
[Site "Ascot"]
[Date "2014.04.20"]
[Round "6"]
[White "Bennett, Dominic"]
[Black "Hackner, Oskar A"]
[Result "0-1"]
[WhiteElo "1980"]
[BlackElo "2119"]
[PlyCount "94"]
[EventDate "2014.04.17"]
[EventType "swiss"]
[EventRounds "9"]
[EventCountry "ENG"]
[SourceTitle "CBM 159 Extra"]
[Source "ChessBase"]
[SourceDate "2014.04.24"]
[SourceVersion "1"]
[SourceVersionDate "2014.04.24"]
[SourceQuality "1"]

1. d4 Nf6 2. c4 e6 3. g3 d5 4. Nf3 dxc4 5. Bg2 c5 6. Qa4+ Bd7 7. Qxc4 Nc6 8. dxc5 Qa5+ 9. Bd2 Qxc5 10. Qxc5 Bxc5 11. Nc3 Rc8 12. 0-0 0-0 13. Rfd1 Rfd8 14. Bg5 Be7 15. Nd4 Na5 16. Ne4 b6 17. Rac1 Be8 18. e3 h6 19. Bxf6 gxf6 20. Bf1 f5 21. Nd2 Bf6 22. N2f3 Nb7 23. Ba6 Rxc1 24. Rxc1 Nc5 25. Bf1 a5 26. b3 Bd7 27. Bb5 Bxd4 28. exd4 Nxb3 29. Rb1 Bxb5 30. Rxb3 Be2 31. Kg2 b5 32. Rb2 Bc4 33. a3 f6 34. Nd2 Bd5+ 35. Kf1 Bc6 36. Rc2 Rd6 37. Nb3 a4 38. Na5 Be4 39. Rc8+ Kf7 40. Rc7+ Kg6 41. Nb7 Rxd4 42. Nc5 Bf3 43. Rd7 Rxd7 44. Nxd7 b4 45. axb4 a3 46. Nc5 Bd1 47. b5 a2 0-1

[Event "Sunningdale e2e4 op 04"]
[Site "Ascot"]
[Date "2014.04.19"]
[Round "4"]
[White "Bennett, Dominic"]
[Black "Mason, Donald"]
[Result "1-0"]
[WhiteElo "1980"]
[BlackElo "2212"]
[PlyCount "75"]
[EventDate "2014.04.17"]
[EventType "swiss"]
[EventRounds "9"]
[EventCountry "ENG"]
[SourceTitle "CBM 159 Extra"]
[Source "ChessBase"]
[SourceDate "2014.04.24"]
[SourceVersion "1"]
[SourceVersionDate "2014.04.24"]
[SourceQuality "1"]

1. Nf3 c5 2. e4 Nc6 3. d4 cxd4 4. Nxd4 Nf6 5. Nc3 e5 6. Ndb5 d6 7. Bg5 a6 8. Na3 b5 9. Nd5 Be7 10. Bxf6 Bxf6 11. c4 b4 12. Nc2 a5 13. Qd3 Bg5 14. Rd1 0-0 15. Nde3 Bxe3 16. Qxe3 Qe7 17. Be2 Be6 18. 0-0 Rac8 19. b3 Rfd8 20. Qg3 Ra8 21. Bg4 a4 22. f4 axb3 23. axb3 exf4 24. Qxf4 Bxg4 25. Qxg4 Ra2 26. Ne3 Qa7 27. Rfe1 Ne5 28. Qg3 f6 29. Kh1 Kh8 30. h3 Ra3 31. Rb1 Rd7 32. Rec1 Nd3 33. Rd1 Nc5 34. Nd5 Nxe4 35. Qe1 f5 36. Rb2 Ra2 37. Rxa2 Qxa2 38. Ra1 1-0

[Event "Sunningdale e2e4 op 04"]
[Site "Ascot"]
[Date "2014.04.18"]
[Round "2"]
[White "Bennett, Dominic"]
[Black "Gandrud, Vegar Koi"]
[Result "1-0"]
[WhiteElo "1980"]
[BlackElo "2223"]
[PlyCount "71"]
[EventDate "2014.04.17"]
[EventType "swiss"]
[EventRounds "9"]
[EventCountry "ENG"]
[SourceTitle "CBM 159 Extra"]
[Source "ChessBase"]
[SourceDate "2014.04.24"]
[SourceVersion "1"]
[SourceVersionDate "2014.04.24"]
[SourceQuality "1"]

1. e4 c5 2. Nc3 Nc6 3. g3 g6 4. Bg2 Bg7 5. d3 d6 6. Be3 e6 7. Qd2 Rb8 8. Nge2 Nd4 9. Nd1 Ne7 10. Nc1 0-0 11. c3 Ndc6 12. Bh6 Re8 13. h4 Bh8 14. h5 Qc7 15. hxg6 Nxg6 16. Qg5 f6 17. Qh5 b5 18. Bf4 Re7 19. Bd2 b4 20. c4 Nd4 21. Ne3 Bd7 22. f4 f5 23. Nb3 Nxb3 24. axb3 Bxb2 25. Ra2 Bd4 26. Nc2 Bf6 27. exf5 exf5+ 28. Kd1 Rg7 29. Ne3 Ne7 30. Bc1 Rf8 31. Bd5+ Kh8 32. Rah2 Nxd5 33. Nxd5 Be8 34. Qxf5 Qd7 35. Qxd7 Bxd7 36. Nxf6 1-0

[Event "High Wycombe e2e4 Challengers op 03"]
[Site "High Wycombe"]
[Date "2014.03.15"]
[Round "3"]
[White "Nandi, Robin J"]
[Black "Bennett, Dominic"]
[Result "0-1"]
[WhiteElo "1953"]
[BlackElo "1973"]
[PlyCount "114"]
[EventDate "2014.03.14"]
[EventType "swiss"]
[EventRounds "5"]
[EventCountry "ENG"]
[SourceTitle "EXT 2015"]
[Source "ChessBase"]
[SourceDate "2014.11.20"]
[SourceVersion "1"]
[SourceVersionDate "2014.11.20"]
[SourceQuality "1"]

1. e4 c5 2. Nf3 d6 3. d4 cxd4 4. Nxd4 Nf6 5. Nc3 a6 6. Be3 e6 7. Bc4 Be7 8. Bb3 0-0 9. f4 Qc7 10. g4 Nfd7 11. g5 Nc5 12. Qf3 Nc6 13. 0-0-0 b5 14. Kb1 Bb7 15. Nde2 Na5 16. f5 b4 17. f6 Bd8 18. fxg7 Re8 19. g6 fxg6 20. Bxc5 Nxb3 21. Bxd6 Qxg7 22. Bxb4 Ba5 23. Bd6 Bxc3 24. Qxc3 Qxc3 25. Nxc3 Na5 26. Rhe1 Rac8 27. Bg3 Re7 28. Bh4 Rec7 29. Rd8+ Kg7 30. Red1 Kh6 31. R8d6 Nc4 32. Rd7 Ne3 33. Rxc7 Rxc7 34. Rd6 Rc6 35. Rxc6 Bxc6 36. Kc1 Kh5 37. Bg3 Kg4 38. b3 Kh3 39. Ne2 g5 40. Kd2 Nf1+ 41. Kd3 h6 42. c4 Nxh2 43. Bd6 Kg2 44. Nd4 Bd7 45. c5 g4 46. c6 Bc8 47. b4 Nf3 48. Ne2 e5 49. a4 h5 50. b5 axb5 51. axb5 h4 52. b6 h3 53. b7 Bxb7 54. cxb7 h2 55. b8Q h1Q 56. Qb3 Qf1 57. Qc2 Ne1+ 0-1

[Event "Coventry e2e4 op"]
[Site "Coventry"]
[Date "2013.08.26"]
[Round "6"]
[White "Bennett, Dominic"]
[Black "Walton, Alan J"]
[Result "1/2-1/2"]
[WhiteElo "1977"]
[BlackElo "2155"]
[PlyCount "36"]
[EventDate "2013.08.23"]
[EventType "swiss"]
[EventRounds "7"]
[EventCountry "ENG"]
[SourceTitle "CBM 156 Extra"]
[Source "ChessBase"]
[SourceDate "2013.10.22"]
[SourceVersion "1"]
[SourceVersionDate "2013.10.22"]
[SourceQuality "1"]

1. c4 f5 2. d4 Nf6 3. Nc3 e6 4. g3 Be7 5. Bg2 0-0 6. f4 Qe8 7. Nf3 Qh5 8. 0-0 Ne4 9. Qd3 Nxc3 10. Qxc3 Nc6 11. a3 a5 12. b3 Bf6 13. e3 d6 14. Bb2 Re8 15. b4 Bd7 16. Qd2 Qf7 17. b5 Nd8 18. Bc3 a4 1/2-1/2